[Event "DVM U20w 2017"]
[Site "Düsseldorf GER"]
[Date "2017.12.27"]
[Round "1"]
[White "Mehling, Katharina"]
[Black "Bykov, Ilona"]
[Result "1-0"]
[Termination "normal"]
[Board "3.3"]
[WhiteElo "1914"]
[BlackElo "1468"]
[WhiteTeam "Spvgg 1946 Stetten"]
[BlackTeam "Karlsruher SF"]
[PlyCount "89"]
[WhiteFideId "12900362"]
[BlackFideId "12964433"]
[EventCountry "GER"]
[EventRounds "7"]
[EventType "team-round robin"]
[EventDate "2017.12.26"]

1. g3 Nf6 2. Bg2 e6 3. d3 d5 4. Nf3 Nbd7 5. O-O Be7 6. Nc3 O-O 7. e4 dxe4 8.
dxe4 e5 9. Qe2 Re8 10. a3 Bd6 11. Rd1 a6 12. h3 Nb6 13. Be3 Qe7 14. Nd2 Bc5 15.
Nd5 Nbxd5 16. exd5 Bd7 17. c4 c6 18. Bxc5 Qxc5 19. b4 Qe7 20. dxc6 Bxc6 21.
Bxc6 bxc6 22. c5 Nd5 23. Nc4 Qe6 24. Kh2 Re7 25. Rd2 f6 26. Nd6 Nc7 27. Qc4 Rd7
28. Qxe6+ Nxe6 29. Rad1 Nd4 30. Kg2 Kf8 31. Kf1 Rda7 32. Nc4 Rb8 33. Rd3 Ke7
34. Ke1 Rd8 35. f4 Nc2+ 36. Kd2 Rxd3+ 37. Kxd3 Rd7+ 38. Kxc2 Rxd1 39. Kxd1 exf4
40. gxf4 Ke6 41. Ke2 Kd5 42. Na5 g6 43. Kf3 h6 44. f5 g5 45. Kg4 1-0

[Event "DVM U20w 2017"]
[Site "Düsseldorf GER"]
[Date "2017.12.27"]
[Round "1"]
[White "Henke, Hanna"]
[Black "Bosse, Lea"]
[Result "0-1"]
[Termination "normal"]
[Board "3.4"]
[WhiteElo "1182"]
[BlackElo "1702"]
[WhiteTeam "Karlsruher SF"]
[BlackTeam "Spvgg 1946 Stetten"]
[PlyCount "102"]
[WhiteFideId "12964441"]
[BlackFideId "12900419"]
[EventCountry "GER"]
[EventRounds "7"]
[EventType "team-round robin"]
[EventDate "2017.12.26"]

1. e4 e6 2. d4 d5 3. Nc3 Nf6 4. Bd3 c5 5. dxc5 Nc6 6. Nf3 d4 7. Ne2 e5 8. Bb5
Qa5+ 9. Nc3 dxc3 10. Bxc6+ bxc6 11. bxc3 Qxc3+ 12. Bd2 Qxc5 13. Qe2 Qb5 14. c4
Qb2 15. O-O Bg4 16. Rfd1 Bxf3 17. Qxf3 Qd4 18. Qb3 Qb6 19. Qc3 Qc7 20. Qf3 Bc5
21. Bg5 Qe7 22. Rd3 O-O 23. Qg3 Qe6 24. Rf3 Nxe4 25. Qh4 Nxg5 26. Qxg5 Bd4 27.
Re1 f6 28. Qh4 Rad8 29. Rc1 Rd7 30. Rh3 Qf5 31. Rf3 Qg5 32. Qxg5 fxg5 33. Rxf8+
Kxf8 34. Rb1 Bb6 35. Kf1 Rd2 36. Rb3 Rxf2+ 37. Ke1 Rxg2 38. Rf3+ Ke7 39. h3 g6
40. a3 e4 41. Rb3 e3 42. c5 Ba5+ 43. Kf1 e2+ 44. Kxg2 e1=Q 45. Rb7+ Kf6 46.
Rxa7 Qe4+ 47. Kf2 Be1+ 48. Kf1 Qe3 49. Kg2 Qg3+ 50. Kh1 Bf2 51. Rb7 Qg1# 0-1

[Event "DVM U20w 2017"]
[Site "Düsseldorf GER"]
[Date "2017.12.27"]
[Round "1"]
[White "Sherif, Amina"]
[Black "Peil, Celine"]
[Result "1-0"]
[Termination "normal"]
[Board "4.1"]
[WhiteTitle "WIM"]
[WhiteElo "2041"]
[BlackElo "1705"]
[WhiteTeam "TuRa Harksheide Norderstedt"]
[BlackTeam "USG Chemnitz"]
[PlyCount "56"]
[WhiteFideId "12911690"]
[BlackFideId "12942219"]
[EventCountry "GER"]
[EventRounds "7"]
[EventType "team-round robin"]
[EventDate "2017.12.26"]

1. e4 c5 2. Nc3 d6 3. g3 Nc6 4. Bg2 Nf6 5. d3 e6 6. Nge2 Be7 7. O-O a6 8. h3
Qc7 9. a4 h5 10. f4 Rb8 11. f5 b5 12. axb5 axb5 13. fxe6 Bxe6 14. Nf4 Qd7 15.
Be3 Bd8 16. Qe2 Kf8 17. e5 Nxe5 18. Bxc5 Bc7 19. Bd4 b4 20. Nd1 Rh6 21. Ra7 Qc8
22. Kh1 Kg8 23. Be3 Rh8 24. Nxe6 fxe6 25. Bg5 Bb6 26. Rxg7+ Kxg7 27. Bxf6+ Kh6
28. Qd2+ Kg6 1-0

[Event "DVM U20w 2017"]
[Site "Düsseldorf GER"]
[Date "2017.12.27"]
[Round "1"]
[White "Kluge, Leyla"]
[Black "Köhler, Inken"]
[Result "0-1"]
[Termination "normal"]
[Board "4.2"]
[WhiteElo "1600"]
[BlackElo "1909"]
[WhiteTeam "USG Chemnitz"]
[BlackTeam "TuRa Harksheide Norderstedt"]
[PlyCount "64"]
[WhiteFideId "12918172"]
[BlackFideId "12929301"]
[EventCountry "GER"]
[EventRounds "7"]
[EventType "team-round robin"]
[EventDate "2017.12.26"]

1. c4 c5 2. Nc3 Nf6 3. g3 d5 4. cxd5 Nxd5 5. Bg2 Nc7 6. d3 e5 7. Nf3 Nc6 8. O-O
Be7 9. b3 O-O 10. Bb2 f6 11. Rc1 Bd7 12. Nd2 Rc8 13. Nc4 Kh8 14. Ne4 Be6 15.
Ba3 Na6 16. Bb2 b6 17. a3 Qd7 18. Qd2 Nd4 19. Qd1 Rfd8 20. h4 Bf8 21. Kh2 Qf7
22. f4 Qh5 23. Bxd4 cxd4 24. Bf3 Qf5 25. Bg2 exf4 26. Rxf4 Qg6 27. Ned2 {(=)}
Nc7 28. Qg1 b5 29. Na5 Bd6 30. Be4 f5 31. Bxf5 Bxf5 32. Rxd4 Bxg3+ 0-1

[Event "DVM U20w 2017"]
[Site "Düsseldorf GER"]
[Date "2017.12.27"]
[Round "1"]
[White "Zimmermann, Jasmin"]
[Black "Wienhold, Nadine"]
[Result "1/2-1/2"]
[Termination "normal"]
[Board "4.3"]
[WhiteElo "1799"]
[BlackElo "1422"]
[WhiteTeam "TuRa Harksheide Norderstedt"]
[BlackTeam "USG Chemnitz"]
[PlyCount "95"]
[WhiteFideId "12900400"]
[BlackFideId "12964514"]
[EventCountry "GER"]
[EventRounds "7"]
[EventType "team-round robin"]
[EventDate "2017.12.26"]

1. e4 e5 2. Nf3 Nc6 3. d4 exd4 4. Nxd4 Bc5 5. Nb3 Bb6 6. Nc3 d6 7. Qe2 Be6 8.
Be3 Bxe3 9. Qxe3 a6 10. O-O-O Nf6 11. f4 Qe7 12. Be2 O-O-O 13. Bf3 Bxb3 14.
axb3 Kb8 15. Rhe1 Rhe8 16. Qe2 Na7 17. Qc4 Qe6 18. Qb4 Qc8 19. h3 Nd7 20. Bg4
Nc6 21. Qc4 Re7 22. Nd5 Ree8 23. b4 f6 {(=)} 24. b5 Na7 25. bxa6 bxa6 26. Rd3
Qb7 27. Rb3 Nb6 28. Nxb6 cxb6 29. Qb4 Nb5 30. Ree3 Ka7 31. Be2 Nc7 32. Ra3 h6
33. Bf3 Qb8 34. Red3 Ne6 35. f5 Nc5 36. Rd1 Qc7 37. Rc3 Qb8 38. Qc4 Re7 39. Ra3
a5 40. b4 Nb7 41. Be2 Ka8 42. bxa5 bxa5 43. Qd5 Qa7 44. Rd4 Re5 45. Qc4 Rc5 46.
Qa6 Qxa6 47. Bxa6 Ka7 48. Bxb7 {(=)} 1/2-1/2

[Event "DVM U20w 2017"]
[Site "Düsseldorf GER"]
[Date "2017.12.27"]
[Round "1"]
[White "Fuchs, Joline"]
[Black "Schramm, Anna-Lena"]
[Result "0-1"]
[Termination "normal"]
[Board "4.4"]
[WhiteElo "1393"]
[BlackElo "1474"]
[WhiteTeam "USG Chemnitz"]
[BlackTeam "TuRa Harksheide Norderstedt"]
[PlyCount "96"]
[WhiteFideId "12964506"]
[BlackFideId "12918237"]
[EventCountry "GER"]
[EventRounds "7"]
[EventType "team-round robin"]
[EventDate "2017.12.26"]

1. g3 d5 2. Bg2 e6 3. d3 Nf6 4. Nf3 Nc6 5. Nc3 Bc5 6. O-O O-O 7. b3 e5 8. Bg5
Be6 9. Nd2 Be7 10. Na4 h6 11. Bxf6 Bxf6 12. c3 Qd6 13. Nf3 Rad8 14. Rc1 b5 15.
Nb2 Qa3 16. Qc2 Ne7 17. Ra1 c6 18. Nd2 Rc8 19. Rab1 Nf5 20. Bh3 Nd6 21. Bxe6
fxe6 22. e4 Qc5 23. Kh1 Rf7 24. f4 exf4 25. d4 Bxd4 26. Rxf4 Rxf4 27. gxf4 Qxc3
28. Qxc3 Bxc3 29. Nf1 Nxe4 30. Nd3 Nd2 31. Rc1 Nxf1 32. Rxc3 Nd2 33. Ne5 c5 34.
Nd7 Ne4 35. Rc1 Kf7 36. Kg2 Ke7 37. Ne5 Kf6 38. h4 Kf5 39. Kf3 g5 40. hxg5 hxg5
41. Nd3 g4+ 42. Kg2 c4 43. bxc4 bxc4 44. Ne5 Kxf4 45. Ng6+ Kg5 46. Ne5 Rf8 47.
Rc2 g3 48. Kg1 Rf2 0-1

[Event "DVM U20w 2017"]
[Site "Düsseldorf GER"]
[Date "2017.12.29"]
[Round "6"]
[White "Schneider, Jana"]
[Black "Miljkovic, Jovana"]
[Result "1-0"]
[Termination "normal"]
[Board "2.1"]
[WhiteTitle "FM"]
[BlackTitle "WFM"]
[WhiteElo "2222"]
[BlackElo "1882"]
[WhiteClock "00:48:44"]
[BlackClock "00:39:25"]
[WhiteTeam "Spvgg 1946 Stetten"]
[BlackTeam "SV Lingen"]
[PlyCount "20"]
[WhiteFideId "12924997"]
[BlackFideId "958336"]
[EventCountry "GER"]
[EventRounds "7"]
[EventType "team-round robin"]
[EventDate "2017.12.26"]

1. e4 c5 2. Nf3 d6 3. d4 cxd4 4. Nxd4 Nf6 5. Nc3 a6 6. Be3 e6 7. Qf3 Qc7 8.
O-O-O b5 9. g4 Bb7 10. g5 Nfd7 *

[Event "DVM U20w 2017"]
[Site "Düsseldorf GER"]
[Date "2017.12.29"]
[Round "6"]
[White "Sherif, Amina"]
[Black "Wolff, Marie Antoinette"]
[Result "1-0"]
[Termination "normal"]
[Board "3.1"]
[WhiteTitle "WIM"]
[WhiteElo "2041"]
[BlackElo "1744"]
[WhiteTeam "TuRa Harksheide Norderstedt"]
[BlackTeam "Leegebrucher SF"]
[PlyCount "89"]
[WhiteFideId "12911690"]
[BlackFideId "12908258"]
[EventCountry "GER"]
[EventRounds "7"]
[EventType "team-round robin"]
[EventDate "2017.12.26"]

1. e4 g6 2. Nc3 Bg7 3. f4 d6 4. d3 b6 5. Nf3 e6 6. Be2 Ne7 7. O-O Bb7 8. Be3 c5
9. d4 Nd7 10. Qe1 O-O 11. Rd1 Qb8 12. Qh4 Rd8 13. dxc5 bxc5 14. Qxe7 Nf6 15.
Bb5 Ng4 16. Ng5 Rf8 17. Bf2 h6 18. Nh3 Bxe4 19. Nxe4 Qxb5 20. Nxd6 Qxb2 21.
Bxc5 Qxc2 22. Bxa7 Qxa2 23. Bc5 Qb2 24. Qb7 Qc2 25. Rc1 Qd3 26. Qe4 Qb3 27. Nf2
Nxf2 28. Rxf2 Ra4 29. Qc2 Qxc2 30. Rcxc2 Rd8 31. Ra2 Rd4 32. Bxd4 Bxd4 33. Ne4
f5 34. Nd2 Be3 35. Kf1 Bxf2 36. Kxf2 Kf7 37. Nf3 Kf6 38. h4 Rc8 39. Ra7 Rc4 40.
g3 Rc2+ 41. Ke3 Rc3+ 42. Ke2 Rc2+ 43. Kd3 Rg2 44. Ne5 Rxg3+ 45. Kd4 1-0

[Event "DVM U20w 2017"]
[Site "Düsseldorf GER"]
[Date "2017.12.29"]
[Round "6"]
[White "Schiewe, Nadin"]
[Black "Köhler, Inken"]
[Result "0-1"]
[Termination "normal"]
[Board "3.2"]
[WhiteElo "1498"]
[BlackElo "1909"]
[WhiteTeam "Leegebrucher SF"]
[BlackTeam "TuRa Harksheide Norderstedt"]
[PlyCount "78"]
[WhiteFideId "16209079"]
[BlackFideId "12929301"]
[EventCountry "GER"]
[EventRounds "7"]
[EventType "team-round robin"]
[EventDate "2017.12.26"]

1. d4 Nf6 2. Nc3 d6 3. Bf4 g6 4. e4 Bg7 5. Bc4 O-O 6. Nge2 c6 7. Bb3 b5 8. f3
Qb6 9. Qd2 Rd8 10. Be3 Qc7 11. O-O a6 12. a4 b4 13. Nd1 c5 14. c4 Nc6 15. d5
Na5 16. Qd3 Nd7 17. f4 Rf8 18. Ng3 Qd8 19. Bc1 Nb6 20. Ne3 Qe8 21. Bc2 Bd4 22.
Bb3 Bd7 23. Qc2 Nxb3 24. Qxb3 Bxa4 25. Qd3 a5 26. Ra2 Bd7 27. b3 a4 28. Ne2
Bxe3+ 29. Bxe3 axb3 30. Qxb3 Rxa2 31. Qxa2 Qa8 32. Qb3 Qa6 33. Rc1 Ra8 34. h3
Nxc4 35. Rxc4 Bb5 36. Rc1 Bxe2 37. f5 Qd3 38. Qxd3 Bxd3 39. fxg6 hxg6 0-1

[Event "DVM U20w 2017"]
[Site "Düsseldorf GER"]
[Date "2017.12.29"]
[Round "6"]
[White "Zimmermann, Jasmin"]
[Black "Jacoby, Angelina"]
[Result "1-0"]
[Termination "normal"]
[Board "3.3"]
[WhiteElo "1799"]
[BlackElo "1167"]
[WhiteTeam "TuRa Harksheide Norderstedt"]
[BlackTeam "Leegebrucher SF"]
[PlyCount "123"]
[WhiteFideId "12900400"]
[BlackFideId "12999008"]
[EventCountry "GER"]
[EventRounds "7"]
[EventType "team-round robin"]
[EventDate "2017.12.26"]

1. e4 Nf6 2. e5 Nd5 3. c4 Nb6 4. d4 d6 5. exd6 exd6 6. Nc3 Nc6 7. Be3 Be7 8.
Be2 Bf5 9. Nf3 O-O 10. O-O Re8 11. a3 Bf6 12. h3 Qd7 13. Bd3 Re7 14. b3 Rae8
15. Qc2 Bxd3 16. Qxd3 Qd8 17. Kh2 Rd7 18. Ne4 Qe7 19. Nxf6+ Qxf6 20. Rfe1 Qd8
21. Bg5 f6 22. Rxe8+ Qxe8 23. Re1 Re7 24. Rxe7 Qxe7 25. Be3 Nd7 26. Qf5 Qe8 27.
Qb5 Nd8 28. Qa5 c5 29. Qxa7 cxd4 30. Qxd4 Qe7 31. Bf4 Ne5 32. Qd5+ Kf8 33. Nd4
Qc7 34. Nb5 Qc5 35. Qxd6+ Qxd6 36. Nxd6 Ke7 37. Bxe5 fxe5 38. Ne4 Nc6 39. Kg3
Nd4 40. Nd2 Ke6 41. f4 Ne2+ 42. Kf3 Nxf4 43. Ne4 Ke7 44. Nc5 b6 45. Na4 Ne6 46.
Nxb6 Nd4+ 47. Ke4 Nxb3 48. Kxe5 Nc1 49. c5 Nd3+ 50. Kd5 Nf4+ 51. Kc6 Nxg2 52.
Kb7 Ne3 53. c6 Nf5 54. c7 Nd6+ 55. Kc6 g5 56. c8=Q Nxc8 57. Nxc8+ Kf6 58. a4 h5
59. Nd6 Ke5 60. Nf7+ Kf4 61. Nxg5 Kxg5 62. a5 1-0

[Event "DVM U20w 2017"]
[Site "Düsseldorf GER"]
[Date "2017.12.29"]
[Round "6"]
[White "Mylke, Sandy-Michelle"]
[Black "Schramm, Anna-Lena"]
[Result "0-1"]
[Termination "normal"]
[Board "3.4"]
[WhiteElo "1350"]
[BlackElo "1474"]
[WhiteTeam "Leegebrucher SF"]
[BlackTeam "TuRa Harksheide Norderstedt"]
[PlyCount "146"]
[WhiteFideId "16235045"]
[BlackFideId "12918237"]
[EventCountry "GER"]
[EventRounds "7"]
[EventType "team-round robin"]
[EventDate "2017.12.26"]

1. e4 e5 2. Nf3 Nc6 3. c3 Nf6 4. d4 Nxe4 5. d5 Ne7 6. Nxe5 Ng6 7. Nf3 Bc5 8.
Be3 Bxe3 9. fxe3 O-O 10. Bd3 Nf6 11. O-O d6 12. c4 Re8 13. Qe2 Re7 14. Re1 Qe8
15. Qd2 a6 16. Nc3 Bd7 17. a4 Rb8 18. b4 b5 19. axb5 axb5 20. cxb5 Ra8 21. Rab1
Ne5 22. Nxe5 Rxe5 23. e4 Bg4 24. Qe3 Ra3 25. Qc1 Ra7 26. b6 cxb6 27. Nb5 Rd7
28. Ra1 h6 29. Nc3 Rc7 30. Qa3 Rc8 31. Qa6 Rxc3 32. Bb5 Qd8 33. Bd3 Bh5 34. Qb7
Re8 35. e5 Qd7 36. Qxb6 Nxd5 37. Qxd6 Qxd6 38. exd6 Rxe1+ 39. Rxe1 Rxd3 40.
Re8+ Kh7 41. d7 Rd1+ 42. Kf2 Rd2+ 43. Kf1 Ne3+ 44. Rxe3 Rxd7 45. Ke1 Rb7 46.
Rb3 f5 47. b5 Rb6 48. Kd2 Be8 49. Kd3 Rxb5 50. Rxb5 Bxb5+ 51. Ke3 g5 52. g3 Kg6
53. h3 Bf1 54. h4 gxh4 55. gxh4 Kh5 56. Kf2 Bb5 57. Kg3 Be2 58. Kf4 Bg4 59. Kg3
Kg6 60. Kf4 Kf6 61. Kg3 Ke5 62. Kf2 Kf4 63. Kg2 h5 64. Kf2 Bh3 65. Ke2 Kg3 66.
Ke3 f4+ 67. Ke4 f3 68. Ke5 f2 69. Kf6 f1=Q+ 70. Kg5 Qf5+ 71. Kh6 Bg2 72. Kg7
Be4 73. Kh6 Qg6# 0-1

[Event "DVM U20w 2017"]
[Site "Düsseldorf GER"]
[Date "2017.12.29"]
[Round "6"]
[White "Peil, Celine"]
[Black "Gatzke, Carolin"]
[Result "0-1"]
[Termination "normal"]
[Board "4.1"]
[WhiteElo "1705"]
[BlackElo "1787"]
[WhiteTeam "USG Chemnitz"]
[BlackTeam "Karlsruher SF"]
[PlyCount "64"]
[WhiteFideId "12942219"]
[BlackFideId "12943746"]
[EventCountry "GER"]
[EventRounds "7"]
[EventType "team-round robin"]
[EventDate "2017.12.26"]

1. e4 c5 2. Nf3 a6 3. a4 Nc6 4. d4 cxd4 5. Nxd4 Nf6 6. Nc3 e5 7. Nf5 d5 8. Ng3
d4 9. Na2 Be6 10. Bd2 Rc8 11. Nc1 Qb6 12. Nd3 Bd6 13. Be2 O-O 14. O-O Na5 15.
b3 Nc6 16. Kh1 Rfe8 17. h3 Qc7 18. Bg4 Nd8 19. Ra2 Nxg4 20. hxg4 Qe7 21. Nf5
Bxf5 22. exf5 e4 23. Nf4 e3 24. fxe3 Qh4+ 25. Kg1 dxe3 26. Bxe3 {(=)} Bc7 27.
Qf3 Nc6 28. g3 Qd8 29. Nd3 Rxe3 30. Qxe3 Bb6 31. Nc5 Nb4 32. Kg2 Bxc5 0-1

[Event "DVM U20w 2017"]
[Site "Düsseldorf GER"]
[Date "2017.12.29"]
[Round "6"]
[White "Grining, Maria"]
[Black "Kluge, Leyla"]
[Result "0-1"]
[Termination "normal"]
[Board "4.2"]
[WhiteElo "1639"]
[BlackElo "1600"]
[WhiteTeam "Karlsruher SF"]
[BlackTeam "USG Chemnitz"]
[PlyCount "166"]
[WhiteFideId "16235037"]
[BlackFideId "12918172"]
[EventCountry "GER"]
[EventRounds "7"]
[EventType "team-round robin"]
[EventDate "2017.12.26"]

1. Nf3 c5 2. c4 Nc6 3. Nc3 g6 4. g3 Bg7 5. Bg2 d6 6. O-O f5 7. a3 Nf6 8. Rb1 e5
9. d3 O-O 10. b4 Rb8 11. Ne1 Re8 12. Nc2 Qd7 13. Ne3 b6 14. b5 Ne7 15. Ned5
Nexd5 16. Nxd5 Bb7 17. e4 Nxd5 18. exd5 a6 19. a4 axb5 20. axb5 Ra8 21. Re1 Ra7
22. h4 Rea8 23. h5 Qe7 24. hxg6 hxg6 25. g4 Qh4 26. gxf5 gxf5 27. Re3 Ra2 28.
Bd2 Bc8 29. Rh3 Qg4 30. Rg3 Qxd1+ 31. Rxd1 Kf7 32. f4 Ra1 33. Rxa1 Rxa1+ 34.
Kf2 Ra2 35. Ke1 Bh6 36. Rh3 Bxf4 37. Bxf4 Rxg2 38. Bxe5 dxe5 39. Rh8 Rg8 40.
Rh6 Rg6 41. Rh8 Bd7 42. Rh7+ Ke8 43. Rh8+ Ke7 44. Rh7+ Kd6 45. Rf7 f4 46. Ke2
Kc7 47. Kf3 Rg3+ 48. Ke2 Rg2+ 49. Ke1 Rb2 50. Rf8 Bxb5 51. cxb5 Rxb5 52. Rf6
Rb4 53. Ke2 Rd4 54. Rc6+ Kb7 55. Rd6 Kc7 56. Rc6+ Kd7 57. Rxb6 Rxd5 58. Rb7+
Ke6 59. Rb8 Rd6 60. Rh8 Kd5 61. Rh5 Kd4 62. Rh8 Kc3 63. Rc8 Rd5 64. Rc7 f3+ 65.
Kxf3 Kxd3 66. Kf2 c4 67. Ke1 Kc3 68. Rc8 Rd4 69. Rh8 Rd3 70. Re8 Re3+ 71. Kf2
Kd2 72. Rd8+ Rd3 73. Re8 c3 74. Rxe5 c2 75. Re2+ Kc3 76. Kg1 c1=Q+ 77. Kh2 Qf4+
78. Kh1 Qg3 79. Rc2+ Kd4 80. Rc4+ Kd5 81. Rc5+ Kd6 82. Rc6+ Kd7 83. Rd6+ Qxd6
0-1

[Event "DVM U20w 2017"]
[Site "Düsseldorf GER"]
[Date "2017.12.29"]
[Round "6"]
[White "Wienhold, Nadine"]
[Black "Bykov, Ilona"]
[Result "1/2-1/2"]
[Termination "normal"]
[Board "4.3"]
[WhiteElo "1422"]
[BlackElo "1468"]
[WhiteTeam "USG Chemnitz"]
[BlackTeam "Karlsruher SF"]
[PlyCount "101"]
[WhiteFideId "12964514"]
[BlackFideId "12964433"]
[EventCountry "GER"]
[EventRounds "7"]
[EventType "team-round robin"]
[EventDate "2017.12.26"]

1. e4 c6 2. d4 d5 3. Nc3 dxe4 4. Nxe4 Bf5 5. Ng3 Bg6 6. Nf3 h6 7. Bd3 Bxd3 8.
Qxd3 e6 9. b3 Nf6 10. Bb2 Be7 11. h3 Nbd7 12. O-O Qc7 13. c4 O-O 14. Rad1 Bd6
15. Ne4 Nxe4 16. Qxe4 Rfe8 17. Rfe1 c5 18. dxc5 Bxc5 19. Qg4 Bf8 20. Re2 Rad8
21. Red2 Nc5 22. Nd4 a6 23. Nc2 Rxd2 24. Rxd2 Rd8 25. Qd1 Rxd2 26. Qxd2 Qd6 27.
Qe2 Qd3 28. Qxd3 Nxd3 29. Ba3 Bxa3 30. Nxa3 Nb4 31. Kf1 Nxa2 32. Nc2 Nc1 33. b4
Kf8 34. Ke1 Nd3+ 35. Ke2 Ne5 36. Ne3 Nc6 37. Nc2 Ke7 38. Kd3 Kd6 39. Ke4 b6 40.
Kd3 a5 41. Kc3 axb4+ 42. Nxb4 Nxb4 43. Kxb4 Kc6 44. h4 e5 45. h5 f5 46. Kb3 Kc5
47. Kc3 Kd6 48. Kb4 Kc6 49. Kb3 Kd6 50. Kb4 Kc6 51. Kb3 1/2-1/2

[Event "DVM U20w 2017"]
[Site "Düsseldorf GER"]
[Date "2017.12.29"]
[Round "6"]
[White "Eichhorn, Elisabeth"]
[Black "Fuchs, Joline"]
[Result "0-1"]
[Termination "normal"]
[Board "4.4"]
[WhiteElo "1362"]
[BlackElo "1393"]
[WhiteTeam "Karlsruher SF"]
[BlackTeam "USG Chemnitz"]
[PlyCount "142"]
[WhiteFideId "16235070"]
[BlackFideId "12964506"]
[EventCountry "GER"]
[EventRounds "7"]
[EventType "team-round robin"]
[EventDate "2017.12.26"]

1. d4 {[%emt 0:00:00]} g6 2. Nf3 Bg7 3. e3 b6 4. Be2 Bb7 5. Nbd2 Nf6 6. O-O O-O
7. b3 c5 8. Bb2 d6 9. c4 Nbd7 10. d5 e6 11. e4 e5 12. Qc2 Bh6 13. Bc1 Bc8 14.
h3 Nb8 15. Re1 Ne8 16. Nf1 Bxc1 17. Qxc1 f5 18. Bd3 f4 19. Qd2 Ng7 20. b4 Na6
21. a3 h5 22. N1h2 g5 23. Kf1 g4 24. hxg4 hxg4 25. Ng1 Qh4 26. Ke2 Qxh2 27. Kd1
Qxg2 28. Kc2 g3 29. Rf1 Bd7 30. b5 Nc7 31. Qe2 a6 32. a4 axb5 33. cxb5 Nce8 34.
fxg3 Qxe2+ 35. Nxe2 f3 36. Nc3 Nh5 37. Rh1 Bg4 38. Rh4 Nef6 39. Nd1 Nxg3 40.
Nf2 Bd7 41. Rg1 Kf7 42. Rxg3 Rxa4 43. Rxf3 Rb4 44. Ng4 Kg7 45. Nxf6 Rxf6 46.
Rg3+ Kf8 47. Rh8+ Ke7 48. Rg7+ Rf7 49. Rxf7+ Kxf7 50. Rh6 Ke7 51. Rh7+ Kd8 52.
Rh8+ Kc7 53. Rh7 Ra4 54. Kb3 Ra8 55. Be2 Rg8 56. Bf1 Kd8 57. Kc4 Re8 58. Be2
Re7 59. Rh6 Kc7 60. Bh5 Be8 61. Bg4 Bf7 62. Rh7 Bxd5+ 63. exd5 Rxh7 64. Be2
Rh4+ 65. Kb3 Rd4 66. Bc4 Kd7 67. Kc3 Ke7 68. Kb3 Kf6 69. Kc3 Kf5 70. Kb3 Kf4
71. Kc3 Ke4 0-1